[Event "Montreal Mercredi 04"]
[Site "Montreal"]
[Date "2007.04.04"]
[Round "1"]
[White "Neumark Gaudet, Zev"]
[Black "Levesque, Philippe"]
[Result "1-0"]
[WhiteElo "1480"]
[BlackElo "1377"]
[PlyCount "87"]
[EventDate "2007.04.04"]
[EventType "swiss"]
[EventRounds "5"]
[EventCountry "CAN"]
[SourceTitle "EXT 2022"]
[Source "ChessBase"]
[SourceDate "2021.10.06"]
[SourceVersion "1"]
[SourceVersionDate "2021.10.06"]
[SourceQuality "1"]

1. d4 Nf6 2. c4 e6 3. Nf3 Be7 4. Nc3 0-0 5. e4 d6 6. Be2 e5 7. d5 Bg4 8. h3 Bh5 9. Be3 Bg6 10. Nd2 Nbd7 11. 0-0 Ne8 12. b4 f5 13. f3 f4 14. Bf2 Bh4 15. Rc1 Bxf2+ 16. Rxf2 Nef6 17. Na4 Nh5 18. c5 dxc5 19. bxc5 Be8 20. Nc4 Rf6 21. Bf1 Rg6 22. Rb2 b6 23. c6 Nc5 24. Nxc5 bxc5 25. Nxe5 Rg5 26. Nd3 Qc8 27. Kh2 Ng3 28. Nxf4 Nxf1+ 29. Qxf1 Rb8 30. Rxb8 Qxb8 31. Rb1 Qc8 32. Ne6 Rg6 33. Rb7 Bf7 34. Nxc5 Qe8 35. Nd7 Qe7 36. Kh1 Qd6 37. Rb8+ Be8 38. Rxe8+ Kf7 39. Rf8+ Ke7 40. Qf2 Rg5 41. Qc5 Qxc5 42. Nxc5 Kxf8 43. Ne6+ Kf7 44. Nxg5+ 1-0